01108nam a22002777a 450000500170000000800410001702000180005804000250007604100080010104400070010908200190011610000380013524501670017326000330034030000610037349000480043450000480048265000470053065000390057765000350061665000360065165000300068770000400071770000280075770000450078520150320155825.0150312b2014 ck |||||r|||| 00| 0 spa d a9789588448951 aCO-BOIAvHcCO-BOIAvH aspa ack04a333.9164bG63p1 aGómez-Cubillos, Martha Catalina10aPortafolio de arrecifes de coral, pastos marinos, playas de arena y manglares con potencial restauración en Colombia/cMartha Catalina Gómez Cubillos [et al.] aSana Marta:bInvemar,c2015. a69 p. +bmapas a colorc28 cm.eCD Rom anexos CID-038968 aPublicaciones generales del InvemarvNo. 79 aIncluye un CD Rom con los anexos CID-038968 4aRecursos marinosxrestauraciónzColombia 4aarrecifes de coralxrestauración 4apastos marinosxrestauración 4aplayas de arenaxrestauración 4amanglaresxrestauración1 aLicero-Villanueva, Lucía Victoria1 aPerdomo-Trujillo, Laura1 aRodríguez-Rodríguez, Jenny Alexandra